01236nam a2200385 i 45000010005000000030009000050050017000140080039000310200015000700400036000850410008001210460009001290800011001380800011001490800012001601000033001722450079002052600036002843000036003203360027003563370054003833380028004373800016004653800027004813850039005083880014005473880014005615040022005756500024005976500025006216550030006466580028006767100049007048560097007536959KOSZ 00520230118144824.0 s1994 pl f |000 0 pol a8386453303 cKOSZ 005aKOSZ 005dKOSZ 005/EG0 apol k1990 a621.37 a621.38 a(075.8)1 aTadeusiewicz, MichałeAutor10aTeoria obwodów.nCz. 3 /cMichał Tadeusiewicz ; Politechnika Łódzka. aŁódź :bWydaw. PŁ,c1994. a241 s. :brys., wykr. ;c24 cm. 2rdacontentaTekstbtxt 2rdamediaaBez urządzenia pośredniczącegobn 2rdacarrieraWoluminbnc aKsiążki aPublikacje dydaktyczne mPoziom nauczaniaaSzkoły wyższe a1901-2000 a1989-2000 aBibliogr. s. 241. 7aObwód elektryczny 7aUkład elektroniczny aPodręczniki akademickie aInżynieria i technika2 aWydawnictwo Naukowe Politechniki Łódzkiej uhttp://koha.tu.koszalin.pl/cgi-bin/koha/opac-detail.pl?biblionumber=6959yKatalog online BPK